000 00224nam a2200097Ia 4500
008 230508s1997 xx 000 0 und d
041 _aeng
100 _aSEDHA R.S.
245 _aA T.B. OF APPLIED ELECTRONICS
260 _c1997
999 _c729002
_d729002